000 00590cam a2200169u 4500
082 _a621.31913
_bWAD
_cL-10, P-32
100 1 _aWaddicor, Harold,
_941291
245 0 4 _aThe principles of electric power transmission by alternating currents,
250 _a4th ed rev.
260 _aLondon,
_bChapman & Hall ltd.,
_c1948.
300 _axx, 458 p.
_billus., diagrs.
_c23 cm.
526 _a0
_b0
_c0
_d621_319130000000000_WAD
650 0 _aElectric lines.
_941292
650 0 _aElectric power distribution
_xAlternating current. [from old catalog]
_941293
650 0 _aMCE
_9379
942 _2ddc
_cBK
999 _c545536
_d545536